000 00576nam a22002057a 4500
999 _c30599
_d30599
003 OSt
008 191125b ||||| |||| 00| 0 eng d
020 _a9780851996820
020 _a0851993680
050 _aG156
_b.E26E53 2001
100 _aWeaver David B.
_d2000
245 _aThe encyclopedia of ecotourism/
260 _aWallingford :
_bCABI Pub.,
_c2001.
300 _axiv, 668p. :
_bill. ;
_c25 cm.
500 _aInclude Index
650 _aEcologie
650 _aTurism
650 _aEncyclopedia
942 _2lcc
_cBOOKS
_hG156 .E26E53 2001